Magistraliter receptura ve stomatologii /

Hlavní autor: Sklenář, Zbyněk, 1979-
Další autoři: Ščigel, Vladimír, 1964-
Jazyk: Čeština
Vydáno: Praha : Havlíček Brain Team, 2013
Vydání: 2., korigované vyd.
Edice: Edice zubního lékařství (Havlíček Brain Team)
Témata:
Fyzický popis: 335 s., viii s. obr. příl. : barev. il. ; 22 cm
Knihy
Uloženo v:
LEADER 01739nam a2200469 a 4500
001 nkc20142538647
003 CZ PrNK
005 20140227145952.0
007 ta
008 140108s2013 xr af f f 001 0 cze
015 |a cnb002538647 
020 |a 978-80-87109-42-7  |q (Karel Havlíček - Havlíček Brain Team ;  |q váz.) 
035 |a (OCoLC)870289972 
040 |a OLA001  |b cze 
072 7 |a 615  |x Farmacie. Farmakologie  |2 Konspekt  |9 14 
080 |a 615.242  |2 MRF 
080 |a 615.014.2  |2 MRF 
080 |a 615.11  |2 MRF 
080 |a (035)  |2 MRF 
100 1 |a Sklenář, Zbyněk,  |d 1979-  |7 mzk2009512699  |4 aut 
245 1 0 |a Magistraliter receptura ve stomatologii /  |c Zbyněk Sklenář, Vladimír Ščigel 
250 |a 2., korigované vyd. 
260 |a Praha :  |b Havlíček Brain Team,  |c 2013 
300 |a 335 s., viii s. obr. příl. :  |b barev. il. ;  |c 22 cm 
490 1 |a Edice zubního lékařství 
504 |a Obsahuje bibliografii a rejstříky 
521 8 |a Určeno výhradně pro odbornou veřejnost 
650 0 7 |a stomatologika  |7 ph118510  |2 czenas 
650 0 7 |a příprava léků  |7 ph138196  |2 czenas 
650 0 7 |a lékařské předpisy  |7 ph201880  |2 czenas 
650 0 9 |a stomatological agents  |2 eczenas 
650 0 9 |a medicament preparation  |2 eczenas 
650 0 9 |a medical prescriptions  |2 eczenas 
655 7 |a příručky  |7 fd133209  |2 czenas 
655 9 |a handbooks and manuals  |2 eczenas 
700 1 |a Ščigel, Vladimír,  |d 1964-  |7 nlk20040152198  |4 aut 
830 0 |a Edice zubního lékařství (Havlíček Brain Team)  |0 s 
910 2 |a BOA001  |b 2-1315.840 
990 |a BK 
995 |a 01 
991 |b 201401  |c NOV  |e n 
996 6 |b 2610576678  |c 2-1315.840  |l MZK  |r Sklad / do 1 hodiny  |n 1  |p p.v.  |w 001393886  |u 000010  |a 1  |e BOA001  |j MZK50  |s P